<?xml version="1.0" encoding="UTF-8"?><?xml-stylesheet type="text/xsl" href="static/style.xsl"?><OAI-PMH xmlns="http://www.openarchives.org/OAI/2.0/" xmlns:xsi="http://www.w3.org/2001/XMLSchema-instance" xsi:schemaLocation="http://www.openarchives.org/OAI/2.0/ http://www.openarchives.org/OAI/2.0/OAI-PMH.xsd"><responseDate>2026-04-17T03:00:18Z</responseDate><request verb="GetRecord" identifier="oai:www.recercat.cat:10256/26847" metadataPrefix="marc">https://recercat.cat/oai/request</request><GetRecord><record><header><identifier>oai:recercat.cat:10256/26847</identifier><datestamp>2025-05-31T03:28:11Z</datestamp><setSpec>com_2072_452955</setSpec><setSpec>com_2072_2054</setSpec><setSpec>col_2072_453077</setSpec></header><metadata><record xmlns="http://www.loc.gov/MARC21/slim" xmlns:dcterms="http://purl.org/dc/terms/" xmlns:xsi="http://www.w3.org/2001/XMLSchema-instance" xmlns:doc="http://www.lyncode.com/xoai" xsi:schemaLocation="http://www.loc.gov/MARC21/slim http://www.loc.gov/standards/marcxml/schema/MARC21slim.xsd">
   <leader>00925njm 22002777a 4500</leader>
   <datafield ind2=" " ind1=" " tag="042">
      <subfield code="a">dc</subfield>
   </datafield>
   <datafield ind2=" " ind1=" " tag="720">
      <subfield code="a">Lunde Hermansson, Anna</subfield>
      <subfield code="e">author</subfield>
   </datafield>
   <datafield ind2=" " ind1=" " tag="720">
      <subfield code="a">Gustavsson, Mikael B.</subfield>
      <subfield code="e">author</subfield>
   </datafield>
   <datafield ind2=" " ind1=" " tag="720">
      <subfield code="a">Hassellöv, Ida-Maja</subfield>
      <subfield code="e">author</subfield>
   </datafield>
   <datafield ind2=" " ind1=" " tag="720">
      <subfield code="a">Svedberg, Patrik</subfield>
      <subfield code="e">author</subfield>
   </datafield>
   <datafield ind2=" " ind1=" " tag="720">
      <subfield code="a">García-Gómez, Elisa</subfield>
      <subfield code="e">author</subfield>
   </datafield>
   <datafield ind2=" " ind1=" " tag="720">
      <subfield code="a">Gros Calvo, Meritxell</subfield>
      <subfield code="e">author</subfield>
   </datafield>
   <datafield ind2=" " ind1=" " tag="720">
      <subfield code="a">Petrović, Mira</subfield>
      <subfield code="e">author</subfield>
   </datafield>
   <datafield ind2=" " ind1=" " tag="720">
      <subfield code="a">Ytreberg, Erik</subfield>
      <subfield code="e">author</subfield>
   </datafield>
   <datafield ind2=" " ind1=" " tag="260">
      <subfield code="c">2025-02-01</subfield>
   </datafield>
   <datafield ind2=" " ind1=" " tag="520">
      <subfield code="a">Marine organisms are constantly exposed to complex chemical mixtures from natural and anthropogenic sources. One source that has raised concerns is the discharge water from ships equipped with exhaust gas cleaning systems, commonly known as scrubbers. During operation, ships with scrubbers discharge large volumes of scrubber water, known to adversely affect marine organisms, into the environment. Scrubber water is highly acidic and contains a complex mixture of contaminants, including metals and polycyclic aromatic hydrocarbons (PAHs), at high concentrations. To assess the effect from these mixtures, critical values for individual mixture components can be determined from ecotoxicological studies and then compared to measured exposure concentrations. However, for several substances identified in scrubber water, for instance many alkylated PAHs, ecotoxicological studies are unavailable, preventing the determination of critical values. In this study, Quantitative Structure-Activity Relationship (QSAR) models have been used to amend and complement experimental data to estimate the mixture toxicity of scrubber water. Our results show that the combined predicted ecotoxicological response of an amended list of 50 substances measured in scrubber water from the substance groups metals (n = 10), PAHs (n = 16) and their alkylated derivatives (n = 24), still underestimates the response observed in whole effluent toxicity tests. This suggests that there are additional substances and/or synergistic effects in the scrubber water mixtures that contribute to the overall toxicity. Thus, to accurately describe the toxicity of scrubber water, measurements and toxicity assessments must extend far beyond the usual suspects of 16 PAHs and a limited selection of metals. Here, QSAR models and advanced chemical screening-based methods are valuable tools for identifying substances of concern</subfield>
   </datafield>
   <datafield ind2=" " ind1=" " tag="520">
      <subfield code="a">This work was funded by the European Union’s Horizon 2020 research and innovation programme Evaluation, control and Mitigation of the EnviRonmental impacts of shippinG Emissions (EMERGE) [grant agreement No 874990]. This work reflects only the authors' view and CINEA is not responsible for any use that may be made of the information it contains. This work was also supported by the FRAM Centre for Future Chemical Risk Assessment and Management at the University of Gothenburg</subfield>
   </datafield>
   <datafield ind1="8" ind2=" " tag="024">
      <subfield code="a">http://hdl.handle.net/10256/26847</subfield>
   </datafield>
   <datafield tag="653" ind2=" " ind1=" ">
      <subfield code="a">Hidrocarburs aromàtics policíclics</subfield>
   </datafield>
   <datafield tag="653" ind2=" " ind1=" ">
      <subfield code="a">Polycyclic aromatic hydrocarbons</subfield>
   </datafield>
   <datafield tag="653" ind2=" " ind1=" ">
      <subfield code="a">Vaixells -- Aspectes ambientals</subfield>
   </datafield>
   <datafield tag="653" ind2=" " ind1=" ">
      <subfield code="a">Ships -- Environmental aspects</subfield>
   </datafield>
   <datafield tag="653" ind2=" " ind1=" ">
      <subfield code="a">Mar -- Contaminació</subfield>
   </datafield>
   <datafield tag="653" ind2=" " ind1=" ">
      <subfield code="a">Marine pollution</subfield>
   </datafield>
   <datafield tag="653" ind2=" " ind1=" ">
      <subfield code="a">Mar -- Contaminació per hidrocarburs</subfield>
   </datafield>
   <datafield tag="653" ind2=" " ind1=" ">
      <subfield code="a">Oil pollution of the sea</subfield>
   </datafield>
   <datafield ind2="0" ind1="0" tag="245">
      <subfield code="a">Applying quantitative structure-activity relationship (QSAR) models to extend the mixture toxicity prediction of scrubber water</subfield>
   </datafield>
</record></metadata></record></GetRecord></OAI-PMH>